The Cauchy transform

Saved in:
Bibliographic Details
Main Author: Cima, Joseph A. 1933-
Other Authors: Matheson, Alec L. 1946-, Ross, William T. 1964-
Format: Book
Language:English
Published: Providence, R.I. : American Mathematical Society, c2006
Series:Mathematical surveys and monographs ; ; 125
Subjects:
Tags: Add Tag
No Tags, Be the first to tag this record!

MARC

LEADER 00000nam a2200000 i 4500
001 1/59617
008 071019s2006 eng d
020 |a 0-8218-3871-7 
035 |l 10091689 
040 |a GR-MY-UA  |b gre  |e aacr 
041 0 |a eng 
082 0 |a 515.43  |2 (22) 
100 1 |a Cima, Joseph A.  |d 1933- 
245 1 4 |a The Cauchy transform /  |c Joseph A. Cima, Alec L. Matheson, William T. Ross 
260 |a Providence, R.I. :   |b American Mathematical Society,   |c c2006 
300 |a ix, 272 σ.;  |b εικ.;  |c 27 εκ. 
490 1 |a Mathematical surveys and monographs  |v ; 125 
504 |a Περιλαμβάνει βιβλιογραφικές παραπομπές (σ. 257-265) και ευρετήριο. 
650 0 0 |a Cauchy integrals. 
650 0 0 |a Cauchy transform. 
650 0 0 |a Functions of complex variables. 
650 0 0 |a Holomorphic functions. 
650 0 0 |a Operator theory. 
700 1 |a Matheson, Alec L.  |d 1946- 
700 1 |a Ross, William T.  |d 1964- 
830 0 |a Mathematical surveys and monographs ;  |v ; 125 
852 |a INST  |b SAMOS  |e 20071019  |h 515.43 CIM  |p 005300028075  |q 005300028075  |t BK  |y 0 
901 |a BIBL3-2007-3 
909 |a Σ  |b 139381 
922 |a 3ΕΛΗ  |b 200709  |c ΕΠΕΑΕΚ2/ΤΜΗΜΑ ΜΑΘΗΜΑΤΙΚΩΝ  |d ΠΑΠΑΣΩΤΗΡΙΟΥ 
970 |a ΣΙΤΖΙΜΗ  |b ΓΙΑΣΕΜΗ  |z 2007/10/19